000 00819nam a2200253Ia 4500
003 OSt
005 20220918171358.0
006 a|||||r|||| 00| 0
007 ta
008 220917b |||||||| |||| 00| 0 eng d
020 _a9781588395702 (hbk)
_c5691.60
024 _a289,404
037 _b243, 28/03/2016, Excel Book International
_cTextual
040 _aARTS
_cARTS
_beng
041 _2eng
_aeng
082 _aN1(Q7), Q5
100 _aAlexander David G
_936191
245 0 _aIslamic arms and armor
_b In the metropolitan museum of art David G Alexander
260 _aNew York
_bMetropolitan Museum of Art U.S.A.
_c2015
300 _axii, 336p.
_ccm.
650 _aARTS
942 _hN1(Q7), Q5
_cTEXL
_2CC
999 _c139291
_d139291